Loading...
Fine Arts - Other Fine Arts | 0 | 6 | 0 | 0 | 60 | 57 | 90.50 | 2 | 6 |
Fine Arts - Classical Music | 0 | 6 | 1 | 4 | 55 | 92 | 127.83 | 1 | 4 |
History - European History | 0 | 6 | 1 | 0 | 55 | 49 | 78.83 | 0 | 6 |
Science - Other Science | 0 | 5 | 0 | 1 | 50 | 78 | 103.60 | 2 | 3 |
Religion | 0 | 5 | 1 | 1 | 45 | 70 | 94.20 | 1 | 4 |
Fine Arts - Painting and Sculpture | 0 | 4 | 0 | 0 | 40 | 97 | 107.00 | 2 | 4 |
Social Science | 0 | 4 | 0 | 0 | 40 | 39 | 70.25 | 2 | 4 |
History - Other History | 0 | 4 | 0 | 0 | 40 | 65 | 100.75 | 1 | 3 |
Mythology | 0 | 4 | 1 | 0 | 35 | 113 | 121.50 | 0 | 3 |
Literature - British Literature | 0 | 3 | 0 | 0 | 30 | 57 | 97.33 | 2 | 3 |
Science - Biology | 0 | 3 | 0 | 0 | 30 | 10 | 73.00 | 1 | 1 |
Other Academic | 0 | 3 | 0 | 2 | 30 | 54 | 103.00 | 1 | 1 |
Literature - World Literature | 0 | 3 | 1 | 1 | 25 | 67 | 98.00 | 1 | 3 |
Current Events | 0 | 2 | 0 | 1 | 20 | 104 | 111.00 | 0 | 0 |
Geography | 0 | 2 | 0 | 1 | 20 | 85 | 105.50 | 0 | 2 |
History - World History | 0 | 2 | 0 | 1 | 20 | 69 | 101.00 | 0 | 2 |
Philosophy | 0 | 3 | 3 | 0 | 15 | 73 | 87.00 | 2 | 2 |
Literature - European Literature | 0 | 2 | 1 | 0 | 15 | 50 | 91.50 | 2 | 2 |
History - American History | 0 | 3 | 3 | 1 | 15 | 95 | 107.67 | 0 | 2 |
Pop Culture | 0 | 1 | 0 | 0 | 10 | 87 | 87.00 | 0 | 1 |
Science - Physics | 0 | 1 | 0 | 0 | 10 | 124 | 124.00 | 1 | 1 |